<?xml version="1.0" encoding="UTF-8"?>
<record
    xmlns:xsi="http://www.w3.org/2001/XMLSchema-instance"
    xsi:schemaLocation="http://www.loc.gov/MARC21/slim http://www.loc.gov/standards/marcxml/schema/MARC21slim.xsd"
    xmlns="http://www.loc.gov/MARC21/slim">

  <leader>05460cam a2200409 i 4500</leader>
  <controlfield tag="001">23164690</controlfield>
  <controlfield tag="003">CSPC</controlfield>
  <controlfield tag="005">20250905103841.0</controlfield>
  <controlfield tag="008">230601s2024    nyu      b    001 0 eng  </controlfield>
  <datafield tag="010" ind1=" " ind2=" ">
    <subfield code="a">  2023022208</subfield>
  </datafield>
  <datafield tag="020" ind1=" " ind2=" ">
    <subfield code="a">9781032455631</subfield>
    <subfield code="q">(hbk)</subfield>
  </datafield>
  <datafield tag="035" ind1=" " ind2=" ">
    <subfield code="a">23164690</subfield>
  </datafield>
  <datafield tag="040" ind1=" " ind2=" ">
    <subfield code="a">DLC</subfield>
    <subfield code="b">eng</subfield>
    <subfield code="e">rda</subfield>
    <subfield code="c">DLC</subfield>
    <subfield code="d">DLC</subfield>
    <subfield code="d">CSPC</subfield>
  </datafield>
  <datafield tag="042" ind1=" " ind2=" ">
    <subfield code="a">pcc</subfield>
  </datafield>
  <datafield tag="050" ind1="0" ind2="0">
    <subfield code="a">JZ1251</subfield>
    <subfield code="b">.D56 2024</subfield>
  </datafield>
  <datafield tag="082" ind1="0" ind2="0">
    <subfield code="a">327.09052</subfield>
    <subfield code="b">D625</subfield>
    <subfield code="2">23/eng/20230725</subfield>
  </datafield>
  <datafield tag="245" ind1="0" ind2="0">
    <subfield code="a">Diplomacy, society and the COVID-19 challenge /</subfield>
    <subfield code="c">edited by Erman Ak&#x131;ll&#x131;, Burak G&#xFC;ne&#x15F;, and Ahmet G&#xF6;kbel.</subfield>
  </datafield>
  <datafield tag="264" ind1=" " ind2="1">
    <subfield code="a">Abingdon, Oxon ;</subfield>
    <subfield code="a">New York, NY :</subfield>
    <subfield code="b">Routledge,</subfield>
    <subfield code="c">2024.</subfield>
  </datafield>
  <datafield tag="300" ind1=" " ind2=" ">
    <subfield code="a">xviii, 293 pages :</subfield>
    <subfield code="b">illustrations ;</subfield>
    <subfield code="c">25 cm.</subfield>
  </datafield>
  <datafield tag="336" ind1=" " ind2=" ">
    <subfield code="a">text</subfield>
    <subfield code="b">txt</subfield>
    <subfield code="2">rdacontent</subfield>
  </datafield>
  <datafield tag="337" ind1=" " ind2=" ">
    <subfield code="a">unmediated</subfield>
    <subfield code="b">n</subfield>
    <subfield code="2">rdamedia</subfield>
  </datafield>
  <datafield tag="338" ind1=" " ind2=" ">
    <subfield code="a">volume</subfield>
    <subfield code="b">nc</subfield>
    <subfield code="2">rdacarrier</subfield>
  </datafield>
  <datafield tag="490" ind1="0" ind2=" ">
    <subfield code="a">The politics of pandemics</subfield>
  </datafield>
  <datafield tag="504" ind1=" " ind2=" ">
    <subfield code="a">Includes bibliographical references and index.</subfield>
  </datafield>
  <datafield tag="505" ind1="0" ind2=" ">
    <subfield code="a">Introduction: pandemic, security, and other broken things / Erman Ak&#x131;ll&#x131;, Burak G&#xFC;ne&#x15F;, and Ahmet G&#xF6;kbel -- Part I: Diplomacy and COVID- -- Transformation of the international system and security conundrum during the COVID-19 pandemic / Ferhat Pirin&#xE7;&#xE7;i and Tun&#xE7; Demirta&#x15F; -- Far-right movements in the COVID-19 era / Dolapo Fakuade -- Virtual diplomacy as a new frontier of international dialogue / Alessia Chiriatti -- Diplomacy 3.0 in the pandemic: digital diplomacy and beyond / Erman Ak&#x131;ll&#x131; and G&#xFC;lnihan Cihano&#x11F;lu G&#xFC;len -- Science diplomacy and COVID-19 politics / Ebru Canan-Sokullu and Atakan Y&#x131;lmaz -- Part II: national and regional responses to COVID-19 -- Global health diplomacy and T&#xFC;rkiye / &#x130;dris Demir -- Government responses to the COVID-19 pandemic: comparative health policies in the US and Canada / &#xC7;a&#x11F;r&#x131; Erhan and Efe S&#x131;v&#x131;&#x15F; -- China's global health diplomacy in the post-pandemic era: implications for Southeast Asian countries / Cemre Pekcan -- COVID-19 and South Korea: focusing on cultural public diplomacy with Hallyu / Yunhee Kim and Erman Ak&#x131;ll&#x131; -- ASEAN's COVID-19 pandemic response: regional and global reflections / Hatice &#xC7;elik -- Beyond central Asia's chessboard: human movement, policies, and COVID-19 / Olga R. Gulina -- The COVID-19 pandemic and the middle east: changing policies and the mindset of regional states / Muhittin Ataman and Mehmet Rakipo&#x11F;lu -- The UK's new migration policy: post-Brexit and Post-COVID implications / Ay&#x15F;e G&#xFC;lce Uygun -- Post-pandemic world order and Russia / F&#x131;rat Purta&#x15F; -- South Caucasus and COVID-19: vulnerabilities, setbacks, responses / F. Didem Ekinci -- Part III: global responses to COVID-19 -- Human impact on the environment and the increased likelihood of pandemics / Ana-Bel&#xE9;n Soage -- The world health organization and the COVID-19 pandemic / Haydar Karaman and Burak G&#xFC;ne&#x15F; -- The COVID-19 pandemic as a security issue and its implications for NATO / Arif Ba&#x11F;ba&#x15F;l&#x131;o&#x11F;lu -- Post-pandemic effects on the realisation of the sustainable development goals (SDGs) for OECD countries / R. Arzu Kalemci and Mehmet G&#xFC;ray &#xDC;nsal -- The African Union and COVID-19: regional coordination and solidarity / Bilge Sahin -- Europe in the post-pandemic world order: a human rights perspective / Ebru Demir -- Globalisation in the era of power transition: lessons post-COVID-19 for China and the US / Matti Izora &#x130;brahim, B&#xFC;&#x15F;ra Yilmaz and Murat &#xC7;emrek -- Conclusion: per aspera ad astra / Erman Ak&#x131;ll&#x131;, Burak G&#xFC;ne&#x15F; and Ahmet G&#xF6;kbel.</subfield>
  </datafield>
  <datafield tag="520" ind1=" " ind2=" ">
    <subfield code="a">"Diplomacy, Society and the COVID-19 Challenge brings together authors from various disciplinary backgrounds to examine the impacts of the pandemic on world politics and international relations, focusing on diplomacy and national, regional, and global responses to COVID-19. The authors adopt a critical perspective which questions the general assumption that security is only related to state security. The book's first part deals with diplomacy and COVID-19, exploring forms such as virtual, digital, and science diplomacy. The second part, on national and regional responses to COVID-19, provides a detailed evaluation of the foreign policies of states and regional actors and the national/regional impacts of the pandemic. The third part investigates the responses of international organisations, such as NATO and the OECD, to COVID-19's transformative and disruptive effects. This book will be of interest to students, scholars, and researchers of international relations, diplomacy, security studies, global governance, political science, political economy, and global public health, especially those with a particular focus on COVID-19 and how it has changed the world"--</subfield>
    <subfield code="c">Provided by publisher.</subfield>
  </datafield>
  <datafield tag="650" ind1=" " ind2="0">
    <subfield code="a">International relations</subfield>
    <subfield code="x">Social aspects.</subfield>
  </datafield>
  <datafield tag="650" ind1=" " ind2="0">
    <subfield code="a">COVID-19 Pandemic, 2020-2023</subfield>
    <subfield code="x">Political aspects.</subfield>
  </datafield>
  <datafield tag="700" ind1="1" ind2=" ">
    <subfield code="a">Ak&#x131;ll&#x131;, Erman,</subfield>
    <subfield code="e">editor.</subfield>
  </datafield>
  <datafield tag="700" ind1="1" ind2=" ">
    <subfield code="a">G&#xFC;ne&#x15F;, Burak,</subfield>
    <subfield code="e">editor.</subfield>
  </datafield>
  <datafield tag="700" ind1="1" ind2=" ">
    <subfield code="a">G&#xF6;kbel, Ahmet,</subfield>
    <subfield code="e">editor.</subfield>
  </datafield>
  <datafield tag="776" ind1="0" ind2="8">
    <subfield code="i">Online version:</subfield>
    <subfield code="t">Diplomacy, society and the COVID-19 challenge</subfield>
    <subfield code="d">New York : Routledge, 2024</subfield>
    <subfield code="z">9781003377597</subfield>
    <subfield code="w">(DLC) 2023022209</subfield>
  </datafield>
  <datafield tag="906" ind1=" " ind2=" ">
    <subfield code="a">7</subfield>
    <subfield code="b">cbc</subfield>
    <subfield code="c">orignew</subfield>
    <subfield code="d">1</subfield>
    <subfield code="e">ecip</subfield>
    <subfield code="f">20</subfield>
    <subfield code="g">y-gencatlg</subfield>
  </datafield>
  <datafield tag="942" ind1=" " ind2=" ">
    <subfield code="2">ddc</subfield>
    <subfield code="c">BK</subfield>
    <subfield code="e">23</subfield>
    <subfield code="h">327.09052</subfield>
    <subfield code="i">D625</subfield>
    <subfield code="k">GRD</subfield>
    <subfield code="m">2024</subfield>
    <subfield code="n">0</subfield>
  </datafield>
  <datafield tag="952" ind1=" " ind2=" ">
    <subfield code="0">0</subfield>
    <subfield code="1">0</subfield>
    <subfield code="2">ddc</subfield>
    <subfield code="4">0</subfield>
    <subfield code="7">0</subfield>
    <subfield code="a">CSPC</subfield>
    <subfield code="b">CSPC</subfield>
    <subfield code="c">GRD</subfield>
    <subfield code="d">2025-09-05</subfield>
    <subfield code="l">0</subfield>
    <subfield code="o">GRD 327.09052 D625 2024</subfield>
    <subfield code="p">030153</subfield>
    <subfield code="r">2025-09-05 10:39:06</subfield>
    <subfield code="t">1-1</subfield>
    <subfield code="w">2025-09-05</subfield>
    <subfield code="y">BK</subfield>
  </datafield>
  <datafield tag="999" ind1=" " ind2=" ">
    <subfield code="c">30375</subfield>
    <subfield code="d">30375</subfield>
  </datafield>
</record>
